000 ncm a22 a 4500
999 _c299418
_d299418
003 BLK
005 20200404071949.0
008 180414b bul |a|er|||| |0| c|bulo|
010 _aNOT00000988000
040 _aBLK
041 _aDEU
_cDEU
080 _aУвертюри, прелюдии - самостоятелни произведения
_b785.11.083.22
_z785.11.083.22
100 1 _aБетовен, Лудвиг ван
_eпърви автор
_938790
139 _aБетовен, Лудвиг ван
_bБ 42
245 1 0 _aCoriolan
_bOuverture zum Trauerspiel Coriolan von Henrich Joseph v. Collin
_cЛудвиг ван Бетовен; rev. Max Unger; * Ludwig van Beethoven.
_sOp.62
246 1 1 _aУвертюра Кориолан
254 _aПартитура
257 _aDEU
260 _bPeters
_cS. a.
_aLeipzig
300 _a38 с.
_c19 см
380 _a7
650 4 _aУвертюри
_9174542
653 _aувертюри
700 1 _aUnger, Max
_erev.
_9361942
700 1 _aBeethoven, Ludwig van
_e*
_94813
852 _aЦБ М 672
_p0
856 4 _qpdf
_u
856 4 _qpdf
_u
942 _cNOT
_n0
_s1
944 _aCR
_c15.06.2005
_kИрена_Линкова
944 _aED
_c20.04.2017
_kИрена_Линкова
944 _aED
_c2020-04-04
_kРенета Константинова
999 _d299418